00739 a2200121 4500001000700000040003200007100002200039245003800061260001900099362000900118520046400127650002600591122309 cEscola Canadense de Niteroi aOliveira, Santos 10aA Inspetora e a Mula-sem-Cabeça aRio de Janeiro0 a1974 aUm bicho preto, sem cabeça, expelindo fogo, corria pelos campos da fazenda, roubando as galinhas de Vó Padroeira. A Patota da Coruja de Papelão, liderada pela Inspetora, munida de lanterna, fósforo, um pouco de sal grosso, álcool e um crucifixo de chumbo, decide enfrentar a temível Mula-sem-Cabeça. Para isso, passam a noite na Caverna do Morto, onde, à meia-noite, ouvem gemidos, cacarejos e gritos ensurdecedores vindos do fundo da caverna. 4aAção ou Aventura